| 000 | 01067cam a22003134a 4500 | ||
|---|---|---|---|
| 001 | 12162612 | ||
| 003 | OSt | ||
| 005 | 20160622142730.0 | ||
| 008 | 000901s2000 dcua b 000 0 eng | ||
| 010 | _a 00043960 | ||
| 020 | _a0195216024 | ||
| 040 |
_aDLC _cDLC _dDLC |
||
| 042 | _apcc | ||
| 043 | _ad------ | ||
| 050 | 0 | 0 |
_aHC59.72.P6 _bC79 2000 |
| 082 | 0 | 0 |
_a305.5 _221 _bVOI 2000 |
| 100 |
_aNarayan, Deepa [et....al] _99512 |
||
| 245 | 0 | 0 |
_aCrying out for change : _bvoices of the poor |
| 246 | 3 | 0 | _aVoices of the poor |
| 260 |
_aOxford University Press _c2000. |
||
| 300 |
_axvi, 314 p. : _bill. ; _c24 cm. |
||
| 504 | _aIncludes bibliographical references. | ||
| 650 | 0 |
_aPoverty _96996 |
|
| 650 | 0 |
_aRural Development _92024 |
|
| 856 | 4 | 2 |
_3Publisher description _uhttp://www.loc.gov/catdir/enhancements/fy0610/00043960-d.html |
| 906 |
_a7 _bcbc _corignew _d1 _eocip _f20 _gy-gencatlg |
||
| 942 |
_2ddc _cSLOAN |
||
| 999 |
_c3141 _d3141 |
||